| 000 | 00939nam a2200193 4500 | ||
|---|---|---|---|
| 082 |
_a940.5421 _bMON |
||
| 100 | 1 |
_aMontgomery of Alamein, Bernard Law Montgomery, _948938 |
|
| 245 | 1 | 0 |
_aEl Alamein to the River Sangro, _cby Field Marshal the Viscount Montgomery of Alamein. |
| 260 |
_aLondon, _aNew York, _bHutchinson, _c[1948] |
||
| 300 |
_axi, 132 p. _bcol. maps (part fold.) _c22 cm. |
||
| 500 | _a"The story of the Eighth Army's operations in the Mediterranean from El Alamein, 13 August 1942, to the crossing of the River Sangro in Italy, and subsequent operations there until 31 December 1943." | ||
| 526 |
_a0 _b0 _c0 _d940_542100000000000_MON |
||
| 526 |
_a0 _b0 _c0 _d940_542100000000000_MON |
||
| 526 |
_a0 _b0 _c0 _d940_542100000000000_MON |
||
| 650 | 0 |
_aMCE _9379 |
|
| 650 | 0 |
_aWorld War, 1939-1945 _xCampaigns _zAfrica, North. _937824 |
|
| 650 | 0 |
_aWorld War, 1939-1945 _xRegimental histories _zGreat Britain. _946653 |
|
| 942 |
_2ddc _cBK |
||
| 999 |
_c551796 _d551796 |
||